Brand Logos That Start with Q - Statistics

General Stats
  • This quiz has been taken 2,111 times
  • The average score is 4 of 16
Answer Stats
Picture Answer % Correct
Quaker Oats
79%
Quick
67%
Qantas
59%
Quora
49%
Quiksilver
46%
Qatar Airways
34%
Quicktime
23%
Qualcomm
21%
Quality Street
15%
Quorn
14%
Q8
9%
Quechua
8%
Qatar Foundation
6%
QVC
5%
Quicken Loans
4%
Quilmes
2%
No matching quizzes found
Score Distribution
Percent of People with Each Score
Percentile by Number Answered
Your Score History
You have not taken this quiz